000
00335nam a2200145Ia 4500
008
150301s2015 xx 000 0 und d
082
_a
615.1
_b
P14S
100
_a
SIDDIQUI, ANUS .A
245
_a
PHARMACEUTICAL ANALYSIS -|
250
_a
3RD
260
_b
CBS- DELHI
300
_a
284
650
_a
PHARMACEUTICS
942
_2
ddc
_c
BK
_0
2
999
_c
7162
_d
7162